[Event "Hokkaido Chess Championship 2024"]
[Site "?"]
[Date "2024.03.23"]
[Round "2.3"]
[White "Yoshii, Yukihiko"]
[Black "Hasegawa, Emi"]
[Result "1-0"]
[WhiteElo "1644"]
[BlackElo "1417"]
[Annotator "Fritz 11 SE (30s)"]
[PlyCount "105"]
[EventDate "2024.03.23"]

{A38: Symmetrical English vs ...g6: 4 Bg2 Bg7 5 Nf3 Nf6} 1. c4 c5
2. Nc3 Nc6 3. g3 g6 4. Bg2 Bg7 5. Nf3 Nf6 6. O-O O-O 7. e3 e5 (7... d5 8. cxd5
Nxd5 9. d4 cxd4 10. Nxd4 Nxd4 11. exd4 Be6 12. Qf3 Nxc3 13. bxc3 Rc8 14. Bg5 b6
15. Rfc1 Qd7 16. d5 Bg4 17. Qd3 h6 18. Bf4 Bf5 19. Qd2 g5 20. Be3 Rfd8 21. h4
gxh4 22. Bxh6 {Van Wely,L (2636)-Dlugy,M (2531) Internet 1999 0-1 (67)}) (7...
d6 8. Qe2 e5 9. d3 h6 10. Bd2 Be6 11. a3 e4 12. dxe4 Na5 13. Nd5 Nxe4 14. Bxa5
Qxa5 15. Nf4 Bd7 16. Rfd1 Rae8 17. Nd2 Nf6 18. b4 Qc7 19. Rab1 b6 20. Rdc1 Bf5
21. Rb3 g5 22. Nd5 {Balog,I (2491)-Shyam,N (2393) Kemer 2009 1-0 (61)}) 8. d4
$146 (8. d3 d6 9. e4 Ne8 10. Ne1 Nc7 11. Be3 f5 12. f4 {1/2-1/2 (12) Poliakov,
Y (2249)-Kagramanianz,V (2346) Pavlograd 2000}) 8... exd4 (8... d6 9. d5 Na5
10. Nd2 $11) 9. exd4 cxd4 10. Nxd4 Nh5 (10... Nxd4 $142 $5 {is noteworthy} 11.
Qxd4 Re8 $14) 11. Be3 $16 Ne5 12. Qe2 a6 13. Rfd1 Qc7 (13... Re8 14. Nf5 $1 {
Deflection: h5} gxf5 15. Qxh5 $18) 14. b3 (14. Nd5 Qd8 15. Nf5 gxf5 16. Qxh5 d6
$18) 14... Nc6 (14... Nf6 $5 $16) 15. Rac1 Qa5 (15... Re8 16. Nf5 $1 {
Deflection: h5} Nf4 17. gxf4 gxf5 18. Nd5 $18) 16. Qd2 (16. Nd5 $5 Nf6 17. Nxc6
dxc6 $18) 16... Nf6 17. h3 (17. Na4 Qxd2 18. Rxd2 Ng4 19. Nxc6 dxc6 $18) 17...
Re8 $16 18. Kh2 Qh5 19. Bf3 Qa5 20. Kg2 Ne5 21. Bd5 Nxd5 (21... Rb8 22. f4 Nc6
$16 (22... Nxd5 $2 {doesn't lead to the expected results} 23. cxd5 (23. Nxd5 $6
Qxd2+ 24. Rxd2 Nc6 $16) 23... Nc6 24. dxc6 dxc6 25. Nf3 $18)) 22. Nxd5 (22.
cxd5 $6 b5 23. Ne4 Qxd2 24. Rxd2 Nd3 25. Rxd3 Rxe4 $14) 22... Qd8 $2 (22...
Qxd2 $142 23. Rxd2 Rb8 $18) 23. Bf4 (23. Nf5 $142 $1 {and White has prevailed}
Re6 24. Nxg7 Kxg7 25. Re1 $18) 23... d6 {Controls e5} 24. Ne2 (24. Bg5 $5 f6
25. Bh6 $16) 24... Be6 {White has an active position} 25. Nec3 Rc8 (25... Qc8
26. Rh1 $11) 26. Ne4 Rc6 $2 (26... Bf5 $142 {and Black can hope to survive} 27.
Re1 b5 $14) 27. Bg5 $18 Qc8 28. Qf4 (28. Ndf6+ $142 $5 Kh8 29. g4 $18 (29. Nxe8
$4 {is definitely not advisable} Bxh3+ 30. Kh1 Bf1 $19)) 28... Bxd5 29. Rxd5 (
29. cxd5 Rxc1 30. Rxc1 Qb8 31. Nf6+ Bxf6 32. Bxf6 Nd7 $16) 29... Qe6 $14 30.
Bf6 (30. Rcd1 Nxc4 31. Nxd6 Nxd6 32. Rxd6 Rxd6 33. Rxd6 Qe2 $14) 30... Nd3 {
Black threatens to win material: Nd3xf4. Black forks: f4+c1} (30... Nxc4 31.
Rd4 d5 32. Bxg7 dxe4 $11 (32... Kxg7 $2 33. Ng5 Qf6 34. bxc4 $18)) 31. Rxd3 $14
{[%cal Rd3d6,Re4d6,Rf4d6,Gc6d6,Ge6d6] The pressure on the isolated pawn grows}
Qxe4+ 32. Qxe4 Rxe4 33. Bxg7 Kxg7 {A double rook endgame occured} 34. Rcd1 Re6
35. R1d2 h5 36. h4 Kf6 37. f4 Ke7 38. Kf3 Rc5 39. Rd4 f6 40. b4 {White
threatens to win material: b4xc5} Rc7 41. a4 b6 42. R2d3 Kd7 43. Re3 Rxe3+ 44.
Kxe3 f5 45. Kd3 Kc6 46. Rd5 b5 $4 {Black loses the upper hand} (46... Re7 $142
$11 {would bring relief}) 47. axb5+ $18 axb5 48. Rxb5 Ra7 $4 {causes even
greater problems} (48... Re7 $142 $16) 49. Ra5 $18 Rb7 50. Ra6+ Kc7 (50... Kd7
{praying for a miracle} 51. b5 Rb8 $18) 51. b5 Kd7 (51... d5 {doesn't improve
anything} 52. Rxg6 dxc4+ 53. Kxc4 $18) 52. Kd4 Kc7 (52... Rc7 {doesn't change
the outcome of the game} 53. Ra8 Ke6 54. b6 $18) 53. Kd5 (53. Kd5 Rb8 54. Rc6+
Kb7 55. Rxd6 $18) 1-0

[Event "Hokkaido Chess Championship 2024"]
[Site "?"]
[Date "2024.03.23"]
[Round "2.4"]
[White "Nakamura, Mitsuru"]
[Black "Nishimori, Toshiyuki"]
[Result "0-1"]
[WhiteElo "1406"]
[BlackElo "1570"]
[Annotator "Fritz 11 SE (30s)"]
[PlyCount "76"]
[EventDate "2024.03.23"]

{B00: Queen's Fianchetto Defence, Nimzowitsch Defence} 1. e4 e6 2.
Nf3 Nc6 3. Nc3 (3. Bb5 Nge7 4. d4 a6 5. Bd3 Ng6 6. h4 h6 7. h5 Nge7 8. c3 d6 9.
Nh4 Ng8 10. f4 Bd7 11. e5 Qe7 12. a4 O-O-O 13. Qc2 Nb8 14. b4 Qe8 15. b5 a5 16.
b6 cxb6 17. Qb3 dxe5 {Govedarica,R (2445)-Lazic,L (2245) Belgrade 1989 1-0 (39)
}) (3. d4 d6 4. Nc3 Nf6 5. Bb5 Bd7 6. O-O Ne7 7. Bd3 Ng6 8. e5 dxe5 9. dxe5 Ng4
10. Qe2 Bc5 11. h3 Nh6 12. Ne4 Be7 13. Bxh6 gxh6 14. Rad1 c6 15. Bc4 Qa5 16.
Nd6+ Bxd6 17. Rxd6 O-O-O {Feher,A (2344)-Frink,F (2264) Zalakaros 2011 1-0})
3... d5 4. d3 $146 (4. Bb5 a6 5. Bxc6+ bxc6 6. O-O Nf6 7. e5 Nd7 8. d3 Be7 9.
Ne2 c5 10. c3 Nb6 11. Be3 Bd7 12. Qc2 Rb8 13. b3 a5 14. Nd2 Qc8 15. f4 g6 16.
Bf2 Qb7 17. Ng3 h5 18. h3 Rg8 {Rigo,J (2320)-Sibilio,M (2200) Rome 1982 1-0 
(45)}) (4. d4 Nf6 5. Bd3 Bb4 $14) 4... d4 $11 {Black threatens to win material:
d4xc3} 5. Ne2 e5 6. a3 {Prevents intrusion on b4} Nf6 7. h3 {Controls g4} h6 {
Consolidates g5} 8. c3 {Secures b4} Bc5 {White has a cramped position. White's
piece can't move: f1} (8... dxc3 9. Nxc3 Bc5 10. b4 $11) 9. b4 $11 {White
threatens to win material: b4xc5} Bb6 10. Bb2 (10. cxd4 exd4 11. g3 O-O $11)
10... O-O (10... dxc3 11. Nxc3 Qd6 12. Be2 $15) 11. Ng3 (11. c4 a6 $11) 11...
a6 (11... dxc3 12. Bxc3 Qd6 13. Be2 $15) 12. Be2 (12. c4 Nh7 $11) 12... Re8 {
Black has an active position} (12... dxc3 13. Bxc3 Re8 14. O-O $15) 13. O-O (
13. c4 Be6 $11) 13... Ba7 (13... dxc3 14. Bxc3 Nh7 15. Bd2 $15) 14. Qd2 b5 (
14... dxc3 15. Bxc3 Nh7 16. Qb2 $11) 15. Rac1 Bb6 16. Bd1 (16. cxd4 Nxd4 17.
Nxd4 exd4 $14) 16... dxc3 $11 {Black forks: b2+d2} 17. Rxc3 Nd4 18. Nxd4 Bxd4
19. Rc2 (19. Rc1 Bb6 $11) 19... Re7 (19... Bxb2 $142 $5 {must be considered}
20. Rxb2 a5 $11) 20. Bxd4 $14 Qxd4 21. Bf3 Be6 22. Nf5 (22. Rc5 $5 $14) 22...
Bxf5 $11 23. exf5 Rd8 24. Rd1 Rd6 25. Rc6 Rxc6 26. Bxc6 Qd6 {Black threatens
to win material: Qd6xc6} 27. Bf3 Rd7 28. Qe3 Nd5 29. Bxd5 Qxd5 30. Qg3 (30. f6
Qb3 31. Re1 Rd6 $11 (31... Qxd3 $143 32. Qxe5 Rd6 33. Qe8+ Kh7 34. fxg7 Kxg7
35. Qe5+ Kg8 36. Rc1 $14)) 30... Rd6 (30... Qb3 31. Ra1 Qc3 32. Rd1 $17) 31.
Qe3 (31. Re1 $5 $11) 31... e4 $17 32. g4 $2 (32. d4 $142 $5 $17) 32... exd3 $19
33. Qe8+ (33. f6 $142 $19) 33... Kh7 34. Qe3 Qb3 35. f6 (35. Ra1 {desperation}
Qb2 36. Rc1 Qxa3 37. Qd2 $19) 35... Qxd1+ 36. Kg2 (36. Kh2 {doesn't do any good
} d2 37. Qe4+ g6 38. f4 Qe1 39. Qe3 Qxe3 40. Kg2 d1=Q 41. a4 Rd2#) 36... Rxf6
37. Qe4+ (37. g5 {does not save the day} hxg5 38. Qe4+ g6 39. Qd5 Qe2 40. Qc5
d2 41. Qa7 Qf3+ 42. Kh2 d1=R 43. Qxc7 Qxf2#) 37... g6 38. Qe7 (38. g5 {cannot
change what is in store for White} hxg5 39. a4 d2 40. a5 Qe1 41. f3 Qxe4 42.
fxe4 d1=Q 43. e5 Qe2+ 44. Kg3 Rf3+ 45. Kg4 Qg2#) 38... Qf3+ (38... Qf3+ 39. Kg1
Qxf2+ 40. Kh1 Qf1+ 41. Kh2 Rf2+ 42. Kg3 Rg2+ 43. Kh4 Qf2#) 0-1

[Event "Hokkaido Chess Championship 2024"]
[Site "?"]
[Date "2024.03.23"]
[Round "2.6"]
[White "Furuse, Mizuki"]
[Black "Miyatani, Ryohei"]
[Result "0-1"]
[WhiteElo "1157"]
[BlackElo "1313"]
[Annotator "Fritz 11 SE (30s)"]
[PlyCount "66"]
[EventDate "2024.03.23"]

{A06: R騁i Opening:1 Nf3 d5} 1. Nf3 Nf6 2. g3 d5 3. Bg2 e6 4. O-O
c5 5. b3 Nc6 6. Bb2 Be7 (6... Bd6 7. d4 O-O 8. c4 dxc4 9. bxc4 Qb6 10. Qb3 cxd4
11. Qxb6 axb6 12. Nxd4 Be5 13. e3 Rd8 14. Rd1 Ne8 15. Na3 Na5 16. Bc3 Bd7 17.
Rab1 Bd6 18. Nab5 Be7 19. Bxa5 Rxa5 20. Bxb7 Rxa2 21. Nc3 {Hausrath,D (2526)
-Ernst,S (2554) Dieren 2014 1/2-1/2}) 7. d3 O-O 8. Nbd2 b5 $146 (8... b6 9. e4
Bb7 10. Qe2 Rc8 (10... Nb4 11. Ne1 Qc7 12. f4 Rad8 13. a3 Nc6 14. e5 Nd7 15.
Nef3 Rfe8 16. Bh3 Nf8 17. Rae1 b5 18. Bg2 c4 19. Kh1 c3 20. Bxc3 Bxa3 21. Nb1
Be7 22. d4 b4 23. Bd2 Nb8 24. Qd1 Rc8 25. c3 {Siepelt,H (2328)-Weiss,C (2376)
Bayern 2011 0-1 (55)}) 11. a4 a6 12. e5 Ne8 13. Ne1 b5 14. f4 c4 15. dxc4 bxc4
16. bxc4 Na5 17. Rb1 Nxc4 18. Bd4 Nxd2 19. Qxd2 Bc6 20. Bh3 Bxa4 21. f5 Rc6 22.
Rb7 Nc7 23. f6 {Knudsen,P (2325)-Kaspersen,M (2215) Copenhagen 1986 1-0}) 9. c4
bxc4 10. dxc4 Bb7 (10... Qc7 11. Re1 $11) 11. cxd5 exd5 {Black has new hanging
pawns: c5+d5. Black has an active position} 12. Rc1 Qa5 {Black threatens to
win material: Qa5xa2} 13. Bc3 {White threatens to win material: Bc3xa5} Qa3 {
White has a cramped position} (13... Qxa2 $4 {Black will not be able to digest
the pawn} 14. Ra1 Nb4 15. Rxa2 Nxa2 16. Bb2 $18) 14. Ne5 Nb4 (14... Qxa2 $4 {
Taking that pawn is naive} 15. Ra1 Qxa1 16. Qxa1 $18) 15. Bxb4 Qxb4 {Black has
the pair of bishops} 16. Nd3 {White threatens to win material: Nd3xb4} Qa5 17.
a4 (17. Qc2 $5 {is an interesting idea} Bd6 18. Rfd1 $11) 17... Rac8 $17 18.
Nf4 Rfd8 19. Qc2 Ba6 {[%cal Yc5c4] Black prepares the advance c4} 20. Rfe1 (20.
Nf3 c4 $17) 20... g5 21. Nh3 (21. Nd3 c4 22. Ne5 cxb3 $17) 21... h6 22. Rcd1 (
22. Red1 $5 $17) 22... c4 $19 23. bxc4 dxc4 24. Ne4 (24. Nf1 c3 $19) 24... Nd5
{[%cal Yc4c3] Black plans c3} 25. e3 $2 (25. Nd2 Bb4 26. Ne4 Bxe1 27. Rxd5 Qb6
28. Nexg5 hxg5 29. Rxg5+ Kf8 $19) 25... c3 26. Rd4 (26. Nexg5 hxg5 27. Nxg5 $19
) 26... Nb4 27. Rxd8+ (27. Qd1 {there is nothing else anyway} Nd3 28. Nxc3 Rxd4
29. Rf1 $19) 27... Qxd8 (27... Rxd8 $6 28. Qxc3 Rc8 29. Qd2 $17) 28. Qb1 (28.
Qd1 {there is nothing better in the position} Qxd1 29. Rxd1 $19) 28... c2 29.
Qa1 Nd3 30. Rc1 Nxc1 31. Qxc1 (31. Kh1 {doesn't get the bull off the ice} Qd1+
32. Ng1 Ne2 33. Nxg5 Qxa1 34. N5f3 c1=Q 35. Bf1 Qxf1 36. e4 Qxg1+ 37. Nxg1
Qxg1#) 31... Qd1+ 32. Qxd1 (32. Bf1 {cannot undo what has already been done}
Bxf1 33. Nf6+ Bxf6 34. f3 Bxh3+ 35. Kf2 Qxc1 36. g4 Qf1+ 37. Kg3 Qg2#) 32...
cxd1=Q+ 33. Bf1 Qxf1# 0-1

[Event "Hokkaido Chess Championship 2024"]
[Site "?"]
[Date "2024.03.23"]
[Round "3.1"]
[White "Yamaguchi, Tosei"]
[Black "Shinoda, Taro"]
[Result "1-0"]
[WhiteElo "1940"]
[BlackElo "1911"]
[Annotator "Fritz 11 SE (30s)"]
[PlyCount "63"]
[EventDate "2024.03.23"]

{A61: Modern Benoni: Nf3 without early e4} 1. d4 Nf6 2. c4 e6 3.
Nf3 c5 4. d5 exd5 5. cxd5 d6 6. Nc3 g6 7. Nd2 Nbd7 8. e4 Bg7 9. Be2 a6 10. a4
Rb8 11. O-O O-O 12. h3 Ne8 13. Qc2 $146 (13. Re1 Nc7 14. a5 b5 15. axb6 Nxb6
16. Nb3 Bd7 17. Bf4 Nc8 18. Bxa6 Nxa6 19. Rxa6 Rb6 20. Ra3 Re8 21. e5 c4 22. e6
Rxb3 23. Bg5 Qc7 24. exd7 Rxe1+ 25. Qxe1 Qxd7 26. Ra8 h6 27. Qe7 Qf5 {Navara,D
(2736)-Kristjansson,S (2482) Reykjavik 2015 1-0}) (13. Nc4 Qh4 14. a5 Ne5 15.
Nxe5 Bxe5 16. f4 Bd4+ 17. Kh2 Ng7 18. Ra4 f5 19. Rxd4 cxd4 20. Qxd4 fxe4 21.
Nxe4 Nf5 22. Qc3 Bd7 23. g3 Qe7 24. Bd3 Rbc8 25. Qe1 Bb5 26. Bxb5 Rc2+ 27. Nf2
Qxe1 {Jorgensen,M (2230)-Aagaard,J (2542) Copenhagen 2010 0-1 (35)}) 13... Nc7
{Black has a cramped position. Black's piece can't move: c8} 14. Nc4 {White
threatens to win material: Nc4xd6} Ne5 15. Na3 (15. Ne3 $142 $5 $16) 15... f5
$11 {Black has a cramped position} 16. f4 {White threatens to win material:
f4xe5} Nf7 {Black has a cramped position} 17. Nc4 b5 (17... fxe4 18. Qxe4 Bd4+
19. Kh2 $15) 18. axb5 (18. Na5 b4 19. Nc6 bxc3 20. bxc3 Qe8 21. Nxb8 Qxe4 22.
Qxe4 fxe4 $14) 18... Nxb5 $11 19. Be3 (19. Nxb5 axb5 20. Na5 Bd7 $11) 19...
Nxc3 (19... Nd4 $5 {is worth consideration} 20. Qd1 fxe4 21. Nxe4 Nxe2+ 22.
Qxe2 Re8 $17) 20. bxc3 $11 fxe4 {Black has new passed pawns: a6+e4} 21. Na5 Bd7
(21... Qh4 $5 22. Nc6 Ra8 $11) 22. Nc6 $16 Bxc6 23. dxc6 {White has the pair
of bishops} Rb6 (23... Qf6 $5 $14) 24. Rxa6 $16 (24. Qxe4 $6 Re8 25. Qd3 d5 $14
) 24... Rxa6 25. Bxa6 Qb6 26. Bb7 Re8 27. Qa4 Kf8 (27... Qc7 $5 $16) 28. f5 $18
g5 $2 (28... Qc7 $142 29. Qc4 Be5 $18) 29. f6 Bh8 30. Qc4 (30. Qa6 $142 Qc7 31.
c4 $18) 30... Nd8 $2 (30... h6 $142 $18) 31. Bxg5 Nxb7 (31... Nf7 {a last
effort to resist the inevitable} 32. Be3 h5 $18) 32. Bh6+ (32. Bh6+ Bg7 33.
Bxg7#) 1-0

[Event "Hokkaido Chess Championship 2024"]
[Site "?"]
[Date "2024.03.23"]
[Round "3.2"]
[White "Nishimori, Toshiyuki"]
[Black "Yoshii, Yukihiko"]
[Result "1-0"]
[WhiteElo "1570"]
[BlackElo "1644"]
[Annotator "Fritz 11 SE (30s)"]
[PlyCount "115"]
[EventDate "2024.03.23"]

{B13: Caro-Kann: Exchange Variation and Panov-Botvinnik Attack} 1.
e4 c6 2. d4 d5 3. exd5 cxd5 4. Nf3 Nc6 5. Bf4 (5. Ne5 e6 6. c3 Nxe5 7. dxe5 Ne7
8. Nd2 Nc6 9. Nf3 Qc7 10. Bf4 Be7 11. Bg3 Bd7 12. Bd3 g5 13. Qe2 h5 14. h4 g4
15. Nd2 a6 16. a4 Bf8 17. O-O Bg7 18. Rfe1 Qb6 19. b4 a5 {Carlsen,M (2714)
-Dreev,A (2607) Moscow 2007 1/2-1/2 (69)}) 5... Bf5 6. Nc3 $146 (6. c3 e6 7.
Qb3 (7. Bd3 Bxd3 8. Qxd3 Bd6 9. Bxd6 Qxd6 10. O-O Nf6 11. Nbd2 O-O 12. Rae1 Qc7
{1/2-1/2 (12) Sveshnikov,E (2514)-Horvath,J (2535) Presolana 2011}) 7... Qd7 8.
Ne5 Nxe5 9. Bxe5 Ne7 10. Nd2 Nc6 11. Bg3 (11. Nf3 Be4 12. Nd2 Bg6 13. Nf3 Be4 {
1/2-1/2 (13) Sveshnikov,E (2504)-Riazantsev,A (2629) Cheliabinsk 2007}) 11...
Bd6 12. Bxd6 Qxd6 13. Be2 O-O 14. O-O Qc7 15. Rfe1 Na5 16. Qd1 b5 17. Nb3 Nc4
18. Bxc4 Qxc4 19. Nc5 b4 20. b3 Qb5 {Sveshnikov,E (2487)-Macieja,B (2639)
Warsaw 2010 1/2-1/2 (67)}) 6... a6 {Covers b5} 7. a3 {Prevents intrusion on b4}
(7. Bd3 Bxd3 8. cxd3 e6 $14) 7... h6 {Secures g5} 8. Bd3 Bxd3 9. Qxd3 (9. cxd3
e6 $11) 9... Nf6 10. O-O {Black has a cramped position. Black's piece can't
move: f8} e6 {Black should quickly conclude development.} 11. Rfe1 Be7 12. Rad1
O-O {White has a very active position} 13. Ne5 Rc8 14. Ne2 {White has an
active position} (14. h3 Qb6 15. Na4 Qa5 $11) 14... Ne4 15. c3 {Consolidates b4
} Bd6 16. Ng3 Nf6 17. h3 {Consolidates g4} Qc7 18. Re2 Rfe8 19. Rde1 Re7 $2 (
19... Na5 $142 $5 $11 {would keep Black in the game}) 20. Nxc6 $16 Bxf4 21.
Nxe7+ Qxe7 22. Qf3 Bb8 23. Nf5 {White threatens to win material: Nf5xe7} (23.
Nh5 $142 $16) 23... Qc7 $11 {Black has a mate threat} 24. Ng3 Ne4 (24... Qe7
25. Nh5 Ne4 $16) 25. Re3 (25. Nxe4 $4 {mating quickly in 2} Qh2+ 26. Kf1 Qh1#)
25... Nd2 26. Qd1 Nc4 27. R3e2 Qb6 28. Qc1 Nd6 29. Re3 (29. Qe3 $142 $5 $16)
29... Nc4 $11 {Black threatens to win material: Nc4xe3. Black forks: e3+b2} 30.
R3e2 Bxg3 (30... Nd6 31. Qc2 Nc4 $16) 31. fxg3 $16 Nd6 32. g4 Ne4 33. Re3 Qd6
34. Qd1 b5 35. Rf1 Rc7 36. Rff3 Ng5 37. Rf1 Ne4 38. Qd3 f6 39. Rxe4 dxe4 40.
Qxe4 Qc6 41. Re1 Kf7 42. Kf2 g6 (42... Qxe4 43. Rxe4 Ke7 44. Ke3 $16) 43. Qxc6
(43. Qe3 $5 g5 44. h4 $18) 43... Rxc6 $16 44. Kf3 a5 45. Ke4 Rd6 46. Rd1 Rd5
47. b3 f5+ 48. gxf5 gxf5+ 49. Ke3 e5 50. Rd2 f4+ $4 {the position is going
down the drain} (50... Kf6 $142 $16) 51. Ke4 $18 Ke6 52. c4 bxc4 53. bxc4 Rd8
54. d5+ Kd6 55. Rc2 Re8 (55... Kc5 {hardly improves anything} 56. Kxe5 f3 57.
gxf3 Re8+ 58. Kf4 $18) 56. c5+ Kd7 (56... Kc7 $18 {praying for a miracle}) 57.
Rb2 Kc7 (57... Ke7 {is one last hope} 58. Rb7+ Kf6 59. Rb6+ Kf7 $18) 58. Rb6 (
58. Rb6 Kc8 59. d6 $18) 1-0

[Event "Hokkaido Chess Championship 2024"]
[Site "?"]
[Date "2024.03.23"]
[Round "3.3"]
[White "Kawamura, Takuto"]
[Black "Sugimoto, Koichi"]
[Result "0-1"]
[WhiteElo "1601"]
[BlackElo "1864"]
[Annotator "Fritz 11 SE (30s)"]
[PlyCount "94"]
[EventDate "2024.03.23"]

{[%mdl 64] D11: Slav Defence: 3 Nf3 sidelines and 3...Nf6 4 e3 Bg4} 1. d4 d5 2.
Nf3 Nf6 3. c4 c6 4. g3 Bf5 5. Bg2 e6 6. O-O Bd6 7. Nbd2 $146 (7. Nc3 Nbd7 (7...
O-O 8. Qb3 b6 9. Nh4 Bg4 10. e4 dxe4 11. Nxe4 Nxe4 12. Bxe4 Be7 13. Nf3 f5 14.
Ne5 Qxd4 15. Nxc6 Nxc6 16. Bxc6 Rad8 17. Be3 Qd6 18. Bg2 Kh8 19. Rac1 Rc8 20.
f3 Bh5 21. Rfd1 Qc6 22. Rd3 {Schmuecker,M (2251)-Westermann,J (2158) Solingen
2014 0-1 (34)}) (7... h6 8. Nd2 O-O 9. e4 dxe4 10. Ndxe4 Nxe4 11. Nxe4 Be7 12.
Bf4 Na6 13. c5 Bxe4 14. Bxe4 Qd7 15. Be5 Rfd8 16. Qb3 Qc8 17. Rad1 Nc7 18. h4
Nd5 19. Bb1 f6 20. Bf4 Nxf4 21. gxf4 Rd5 22. Rfe1 {Qendro,L (2235)-Sisniega,M 
(2455) Luzern 1982 0-1 (40)}) 8. Nh4 (8. Qb3 Qb6 9. Bf4 Bxf4 10. gxf4 Qxb3 11.
axb3 Ne4 12. Ra5 Nxc3 13. bxc3 Be4 14. Rfa1 a6 15. Nd2 Bxg2 16. Kxg2 Rc8 17. f3
Nb6 18. e4 f6 19. c5 Na8 20. f5 exf5 21. exd5 cxd5 22. c4 Rd8 {Brito Garcia,A 
(2360)-Lezcano Montalvo,P (2250) Spain 1989 1-0 (44)}) 8... Bg4 9. h3 Bh5 10.
cxd5 Nxd5 11. Nf3 O-O 12. e4 Nxc3 13. bxc3 c5 14. Be3 Qc7 15. Qb3 Bxf3 16. Bxf3
Bxg3 17. e5 Bh4 18. Qxb7 Qxb7 19. Bxb7 Rab8 20. Bc6 cxd4 21. Bxd4 Nb6 {
Romanishin,O (2585)-Ekstroem,R (2405) URS 1981 1-0 (53)}) (7. Nc3 Nbd7 $16)
7... O-O 8. b3 (8. Nh4 Nbd7 $11) 8... h6 {Controls g5} 9. Bb2 Ne4 10. Ne5 Nxd2
11. Qxd2 Nd7 12. Rae1 Qc7 (12... a5 13. Nd3 $11) 13. Nxd7 Qxd7 14. f3 {
Controls e4+g4} a5 15. e4 Bg6 16. c5 {White threatens to win material: c5xd6}
Bc7 17. a4 b6 18. Ba3 Rfb8 19. Re3 bxc5 (19... b5 20. axb5 Rxb5 21. Qd1 $15)
20. Bxc5 $11 dxe4 21. fxe4 e5 22. d5 {White gets more space} Bb6 {Black
threatens to win material: Bb6xc5} 23. Rc3 Bxc5+ 24. Rxc5 {White forks: a5+c6}
Qa7 {Black threatens to win material: Qa7xc5} 25. Qc3 $2 (25. Rfc1 $142 {
would allow White to play on} cxd5 26. Qxd5 $15) 25... Rxb3 $1 $19 {Deflection:
c5.} 26. Qxb3 Qxc5+ 27. Kh1 cxd5 28. exd5 (28. Qxd5 Rc8 $19) 28... Rd8 29. Qb5
Qxb5 (29... Qb4 30. h4 $19) 30. axb5 $17 Bd3 31. Ra1 e4 32. Rxa5 Rxd5 33. Ra8+
$2 (33. Kg1 $142 $17) 33... Kh7 $19 34. b6 Rb5 35. Kg1 (35. h4 Rxb6 36. Re8 f5
$19) 35... Rxb6 36. Re8 Rb1+ 37. Kf2 Rb2+ 38. Kg1 Re2 39. Rd8 (39. Rc8 {
doesn't get the bull off the ice} Kg6 $19) 39... Rc2 (39... e3 {might be the
shorter path} 40. Kf1 (40. Rxd3 $4 {too greedy} Re1+ 41. Bf1 e2 $19) 40... Bb5
41. Be4+ g6 42. Bd3 $19) 40. Rd7 (40. Re8 {is no salvation} f5 $19) 40... Kg6 (
40... e3 $142 {and Black can already relax} 41. Bf3 (41. Rxd3 $4 {capturing
the bishop is not a good idea} Rc1+ 42. Bf1 e2 $19) 41... Rc1+ 42. Kg2 Bf1+ 43.
Kg1 $19) 41. Rd4 Kf5 42. Rd5+ Ke6 43. Rd8 Rc7 (43... Rc1+ {seems even better}
44. Kf2 $19) 44. Kf2 Re7 (44... f5 $142 $5 {makes it even easier for Black} 45.
Re8+ Kd7 46. Re5 $19) 45. Ke3 (45. g4 Ke5 46. Ke3 h5 $19) 45... Ke5 46. Rd4 $2
(46. Rf8 $19) 46... f5 47. h4 (47. Bf3 {does not win a prize} g5 (47... exf3 $6
48. Rxd3 f2 49. Kxf2 $15) 48. Rd8 f4+ (48... exf3 $6 {is the less attractive
alternative} 49. Rxd3 g4 50. Kf2 $19) 49. Kf2 Ra7 (49... exf3 $6 {is no
comparison} 50. Rxd3 g4 51. Ra3 $19) 50. gxf4+ gxf4 51. Re8+ Kd4 52. Rd8+ Kc5
53. Rc8+ Kd6 54. Rd8+ Kc7 $19) 47... g5 (47... g5 48. Rd8 gxh4 $19) 0-1